<?xml version="1.0" encoding="UTF-8"?>
<record
    xmlns:xsi="http://www.w3.org/2001/XMLSchema-instance"
    xsi:schemaLocation="http://www.loc.gov/MARC21/slim http://www.loc.gov/standards/marcxml/schema/MARC21slim.xsd"
    xmlns="http://www.loc.gov/MARC21/slim">

  <leader>05434nam a2200517 i 4500</leader>
  <controlfield tag="003">CO-MdUADB</controlfield>
  <controlfield tag="005">20260422100700.0</controlfield>
  <controlfield tag="007">ta</controlfield>
  <controlfield tag="008">230426e19681204ag  |||gr|||| 001 0 spa d</controlfield>
  <datafield tag="040" ind1=" " ind2=" ">
    <subfield code="a">CO-MdUADB</subfield>
    <subfield code="b">spa</subfield>
    <subfield code="c">CO-MdUADB</subfield>
    <subfield code="d">rda</subfield>
  </datafield>
  <datafield tag="041" ind1="1" ind2=" ">
    <subfield code="a">spa</subfield>
    <subfield code="h">fre</subfield>
  </datafield>
  <datafield tag="082" ind1="1" ind2="4">
    <subfield code="a">149.97</subfield>
  </datafield>
  <datafield tag="245" ind1="0" ind2="0">
    <subfield code="a">Sentidos y usos del t&#xE9;rmino estructura en las ciencias del hombre /</subfield>
    <subfield code="b">E. Wolff [y quince m&#xE1;s] ; compilaci&#xF3;n de Roger Bastide ; versi&#xF3;n castellana de Beatriz Dorriots</subfield>
  </datafield>
  <datafield tag="246" ind1="1" ind2="3">
    <subfield code="a">Sens et usages du terme structure dans les sciences humaines et sociales</subfield>
  </datafield>
  <datafield tag="264" ind1=" " ind2="1">
    <subfield code="a">Buenos Aires :</subfield>
    <subfield code="b">Editorial Paid&#xF3;s,</subfield>
    <subfield code="c">1968</subfield>
  </datafield>
  <datafield tag="300" ind1=" " ind2=" ">
    <subfield code="a">142 p&#xE1;ginas ;</subfield>
    <subfield code="c">23 cm.</subfield>
  </datafield>
  <datafield tag="336" ind1=" " ind2=" ">
    <subfield code="a">texto</subfield>
    <subfield code="b">txt</subfield>
    <subfield code="2">rdacontent</subfield>
  </datafield>
  <datafield tag="337" ind1=" " ind2=" ">
    <subfield code="a">no mediado</subfield>
  </datafield>
  <datafield tag="338" ind1=" " ind2=" ">
    <subfield code="a">volumen</subfield>
  </datafield>
  <datafield tag="377" ind1=" " ind2=" ">
    <subfield code="a">fre</subfield>
    <subfield code="l">Franc&#xE9;s</subfield>
  </datafield>
  <datafield tag="380" ind1=" " ind2=" ">
    <subfield code="2">lemb</subfield>
    <subfield code="a">Libros de texto</subfield>
  </datafield>
  <datafield tag="490" ind1="0" ind2=" ">
    <subfield code="a">(Psicolog&#xED;a Social y Sociolog&#xED;a ;</subfield>
    <subfield code="v">35)</subfield>
  </datafield>
  <datafield tag="505" ind1="0" ind2="0">
    <subfield code="t">Introducci&#xF3;n al estudio del t&#xE9;rmino estructura /</subfield>
    <subfield code="r">Roger Bastide --</subfield>
    <subfield code="t">Sentido y empleo del t&#xE9;rmino estructura en biolog&#xED;a /</subfield>
    <subfield code="r">Etienne Wolff --</subfield>
    <subfield code="t">Estructura en ling&#xFC;&#xED;stica /</subfield>
    <subfield code="r">E. Benveniste --</subfield>
    <subfield code="t">Los l&#xED;mites de la noci&#xF3;n de estructura en etnolog&#xED;a /</subfield>
    <subfield code="r">Claude L&#xE9;vi-Strauss --</subfield>
    <subfield code="t">Nota sobre el empleo del t&#xE9;rmino estructura en historia del arte /</subfield>
    <subfield code="r">Pierre Francastel --</subfield>
    <subfield code="t">Estructuras econ&#xF3;micas /</subfield>
    <subfield code="r">Francois Perroux --</subfield>
    <subfield code="t">La actitud estructuralista y el concepto de estructura en econom&#xED;a pol&#xED;tica /</subfield>
    <subfield code="r">Andre Marchal --</subfield>
    <subfield code="t">Las preferencias de la estructura /</subfield>
    <subfield code="r">Jean Weiller --</subfield>
    <subfield code="t">Las estructuras del derecho privado /</subfield>
    <subfield code="r">Jean Carbonnier --</subfield>
    <subfield code="t">La palabra estructura en derecho p&#xFA;blico /</subfield>
    <subfield code="r">Andr&#xE9; Mathiot --</subfield>
    <subfield code="t">Estructura en psicolog&#xED;a /</subfield>
    <subfield code="r">D. Lagache --</subfield>
    <subfield code="t">Estructura en psicopatolog&#xED;a /</subfield>
    <subfield code="r">D. Lagache --</subfield>
    <subfield code="t">El vocablo estructura en Marx /</subfield>
    <subfield code="r">Henri Lefbvre --</subfield>
    <subfield code="t">Nota sobre la estructura en ciencia pol&#xED;tica /</subfield>
    <subfield code="r">Raymond Aron --</subfield>
    <subfield code="t">La noci&#xF3;n de estructura en historia /</subfield>
    <subfield code="r">P. Villar --</subfield>
    <subfield code="t">Estructuras temporales /</subfield>
    <subfield code="r">M. Ch. Moraz&#xE9; --</subfield>
    <subfield code="t">El concepto de estructura significativa en historia de la cultura /</subfield>
    <subfield code="r">Lucien Goldman.</subfield>
  </datafield>
  <datafield tag="520" ind1=" " ind2=" ">
    <subfield code="a">La finalidad de este importante libro, producto de una fruct&#xED;fera colaboraci&#xF3;n entre representantes eminentes de las m&#xE1;s diversas disciplinas -entre otros, C. L&#xE9;vi-Strauss, R. Bastide, D. Lagache, H. Lefebvre, E. Benveniste, L. Goldman, R. Aron est&#xE1; se&#xF1;alada con todo rigor y claridad por el compilador, R. Bastide, en la Introducci&#xF3;n: "Ninguna ciencia ha hecho progresos esenciales sin un vocabulario t&#xE9;cnico perfecto y la historia misma de las diversas ciencias nos revela... el progresivo pasaje del uso de los t&#xE9;rminos de su sentido corriente a la 'jerga cient&#xED;fica'. Sin embargo, las ciencias humanas y, m&#xE1;s particularmente, las ciencias sociales no presentan todav&#xED;a ese vocabulario t&#xE9;cnico perfecto indispensable para sus futuros progresos, sino varios vocabularios t&#xE9;cnicos, a menudo uno por autor, lo que hace imposible el trabajo com&#xFA;n... T&#xE9;rminos tan corrientes como 'grupo', 'clase', 'poder' o 'estructura', cuentan actualmente no con dos o tres o cuatro significados fundamentales lo que es normal sino con tantas acepciones como autores... Es por esto por lo que... destacados investigadores de distintas ciencias se reunieron a fin de someter, al menos uno de esos t&#xE9;rminos equ&#xED;vocos, el de estructura, a una cr&#xED;tica imparcial... En una &#xE9;poca en que el t&#xE9;rmino que queremos estudiar est&#xE1; de moda y que incluso ha dado origen a una cierta concepci&#xF3;n del universo humano: el estructuralismo, pensamos que esta obra responde a una necesidad urgente: la de clarificaci&#xF3;n, de ajuste y, si fuera posible, tambi&#xE9;n de s&#xED;ntesis. Esperamos que pueda servir de base a un nuevo 'examen de conciencia' para quienes emplean esta palabra, con miras a hacer progresar la ciencia del hombre y de sus obras, al margen de toda confusi&#xF3;n falaz."</subfield>
  </datafield>
  <datafield tag="521" ind1=" " ind2=" ">
    <subfield code="a">P&#xFA;blico destinatario : P&#xFA;blico general.</subfield>
  </datafield>
  <datafield tag="650" ind1="1" ind2="7">
    <subfield code="a">Estructuralismo (Filosof&#xED;a)</subfield>
    <subfield code="9">52398</subfield>
  </datafield>
  <datafield tag="700" ind1="1" ind2=" ">
    <subfield code="a">Bastide, Roger,</subfield>
    <subfield code="e">aut</subfield>
    <subfield code="e">com</subfield>
    <subfield code="9">240837</subfield>
  </datafield>
  <datafield tag="700" ind1="1" ind2=" ">
    <subfield code="a">Dorriots, Beatriz,</subfield>
    <subfield code="d">1935-,</subfield>
    <subfield code="e">aut</subfield>
    <subfield code="9">817963</subfield>
  </datafield>
  <datafield tag="700" ind1="1" ind2=" ">
    <subfield code="a">Wolff, Etienne,</subfield>
    <subfield code="d">1904-1996</subfield>
    <subfield code="e">aut</subfield>
  </datafield>
  <datafield tag="700" ind1="1" ind2=" ">
    <subfield code="a">Benveniste, Emile,</subfield>
    <subfield code="d">1902-1976</subfield>
    <subfield code="e">aut</subfield>
    <subfield code="0">(isni)0000 0001 2120 9418</subfield>
    <subfield code="0">(viaf)12372277</subfield>
    <subfield code="9">246398</subfield>
  </datafield>
  <datafield tag="700" ind1="1" ind2=" ">
    <subfield code="a">L&#xE9;vi-Strauss, Claude,</subfield>
    <subfield code="d">1908-2009</subfield>
    <subfield code="e">aut</subfield>
    <subfield code="0">(isni)0000000121035067</subfield>
    <subfield code="0">(viaf)102346347</subfield>
    <subfield code="9">473486</subfield>
  </datafield>
  <datafield tag="700" ind1="1" ind2=" ">
    <subfield code="a">Francastel, Pierre,</subfield>
    <subfield code="d">1900-1970</subfield>
    <subfield code="e">aut</subfield>
    <subfield code="0">(isni)0000 0001 1884 2079</subfield>
    <subfield code="0">(viaf)22141794</subfield>
    <subfield code="9">240608</subfield>
  </datafield>
  <datafield tag="700" ind1="1" ind2=" ">
    <subfield code="a">Perroux, Francois,</subfield>
    <subfield code="d">1903-1987</subfield>
    <subfield code="e">aut</subfield>
    <subfield code="0">(isni)0000 0001 0928 4992</subfield>
    <subfield code="0">(viaf)99952938</subfield>
    <subfield code="9">503672</subfield>
  </datafield>
  <datafield tag="700" ind1="1" ind2=" ">
    <subfield code="a">Marchal, Andr&#xE9;</subfield>
    <subfield code="e">aut</subfield>
    <subfield code="9">812718</subfield>
  </datafield>
  <datafield tag="700" ind1="1" ind2=" ">
    <subfield code="a">Weiller, Jean</subfield>
    <subfield code="e">aut</subfield>
    <subfield code="0">(isni)0000 0001 0903 5718</subfield>
    <subfield code="0">(viaf)56617666</subfield>
    <subfield code="9">816943</subfield>
  </datafield>
  <datafield tag="700" ind1="1" ind2=" ">
    <subfield code="a">Carbonnier, Jean,</subfield>
    <subfield code="d">1908-2003</subfield>
    <subfield code="e">aut</subfield>
    <subfield code="0">(isni)0000 0001 2147 0798</subfield>
    <subfield code="0">(viaf)108662124</subfield>
    <subfield code="9">313747</subfield>
  </datafield>
  <datafield tag="700" ind1="1" ind2=" ">
    <subfield code="a">Mathiot, Andr&#xE9;</subfield>
    <subfield code="e">aut</subfield>
    <subfield code="0">(isni)0000 0001 0868 4468</subfield>
    <subfield code="0">(viaf)9850385</subfield>
    <subfield code="9">815510</subfield>
  </datafield>
  <datafield tag="700" ind1="1" ind2=" ">
    <subfield code="a">Lagache, Daniel,</subfield>
    <subfield code="d">1903-1972</subfield>
    <subfield code="e">aut</subfield>
    <subfield code="0">(isni)0000 0001 2133 5297</subfield>
    <subfield code="0">(viaf)54207577</subfield>
    <subfield code="9">279336</subfield>
  </datafield>
  <datafield tag="700" ind1="1" ind2=" ">
    <subfield code="a">Pag&#xE8;s, Robert,</subfield>
    <subfield code="d">1919-2007</subfield>
    <subfield code="e">aut</subfield>
    <subfield code="0">(isni)0000 0001 0987 8467</subfield>
    <subfield code="0">(viaf)74032440</subfield>
    <subfield code="9">815511</subfield>
  </datafield>
  <datafield tag="700" ind1="1" ind2=" ">
    <subfield code="a">Lefebvre, Henri,</subfield>
    <subfield code="d">1901-1991</subfield>
    <subfield code="e">aut</subfield>
    <subfield code="0">(isni)0000000068357525</subfield>
    <subfield code="0">(viaf)14808728</subfield>
    <subfield code="9">313015</subfield>
  </datafield>
  <datafield tag="700" ind1="1" ind2=" ">
    <subfield code="a">Aron, Raymond,</subfield>
    <subfield code="d">1905-1983</subfield>
    <subfield code="e">aut</subfield>
    <subfield code="0">(isni)0000 0001 2132 5996</subfield>
    <subfield code="0">(viaf)51685009</subfield>
    <subfield code="9">315795</subfield>
  </datafield>
  <datafield tag="700" ind1="1" ind2=" ">
    <subfield code="a">Vilar, Pierre,</subfield>
    <subfield code="d">1906-2003</subfield>
    <subfield code="e">aut</subfield>
    <subfield code="0">(isni)0000 0001 2140 0570</subfield>
    <subfield code="0">(viaf)76324127</subfield>
    <subfield code="9">244460</subfield>
  </datafield>
  <datafield tag="700" ind1="1" ind2=" ">
    <subfield code="a">MOraz&#xE9;, M. Ch.</subfield>
    <subfield code="e">aut</subfield>
    <subfield code="9">816946</subfield>
  </datafield>
  <datafield tag="700" ind1="1" ind2=" ">
    <subfield code="a">Goldmann, Lucien,</subfield>
    <subfield code="d">1913-1970</subfield>
    <subfield code="e">aut</subfield>
    <subfield code="0">(isni)0000  0001 0870 0579</subfield>
    <subfield code="0">(viaf)12309113</subfield>
    <subfield code="9">312155</subfield>
  </datafield>
  <datafield tag="942" ind1=" " ind2=" ">
    <subfield code="2">ddc</subfield>
    <subfield code="c">BOOK</subfield>
  </datafield>
  <datafield tag="999" ind1=" " ind2=" ">
    <subfield code="c">856478</subfield>
    <subfield code="d">856478</subfield>
  </datafield>
  <datafield tag="952" ind1=" " ind2=" ">
    <subfield code="0">0</subfield>
    <subfield code="1">0</subfield>
    <subfield code="2">ddc</subfield>
    <subfield code="4">0</subfield>
    <subfield code="5">1</subfield>
    <subfield code="7">0</subfield>
    <subfield code="8">FCGD</subfield>
    <subfield code="a">BC</subfield>
    <subfield code="b">BC</subfield>
    <subfield code="d">2022-05-31</subfield>
    <subfield code="e">Material adquirido por donaci&#xF3;n</subfield>
    <subfield code="f">DONA</subfield>
    <subfield code="g">35000.00</subfield>
    <subfield code="i">C13323324</subfield>
    <subfield code="l">0</subfield>
    <subfield code="o">CGD 149.97 S478</subfield>
    <subfield code="p">01083997</subfield>
    <subfield code="r">2023-05-04 00:00:00</subfield>
    <subfield code="w">2023-05-04</subfield>
    <subfield code="y">BOOKI</subfield>
  </datafield>
</record>
